000 00297nam a2200121Ia 4500
005 20251222141841.0
008 251222s9999||||xx |||||||||||||| ||spa||
082 _a956.94/S38/T.I
100 _aSenderey, Moisés
245 0 _aBreve Historia del Pueblo de Israel:
264 _bYehuda
942 _cLIB
999 _c7427
_d7427